| 000 | 00322cam a22001097a 4500 | ||
|---|---|---|---|
| 999 |
_c509178 _d509178 |
||
| 008 | 180718b1960 xxu||||| |||| 00| 0 eng d | ||
| 082 | _aT000x5444 56p/60-61 | ||
| 245 |
_aSecond five year plan programme for 1960-61 _cby Government of Mysore |
||
| 260 |
_aBangalore _bGovernment Press _c1960 |
||
| 300 | _a222p. | ||
| 942 | _2ddc | ||